[Event "130th YMCA Autumn B"]
[Site "Warszawa"]
[Date "2013.12.05"]
[Round "12"]
[White "Potocki, Karol"]
[Black "Rzepecka, Dorota"]
[Result "1-0"]
[WhiteElo "1876"]
[BlackElo "1829"]
[PlyCount "75"]
[EventDate "2013.09.19"]
[EventType "tourn"]
[EventRounds "1"]
[EventCountry "POL"]
[SourceDate "2013.09.20"]

1. e4 e5 2. Nf3 Nc6 3. Bb5 d6 4. d4 exd4 5. Nxd4 Bd7 6. Bxc6 bxc6 7. Nc3 Nf6 8.
Bg5 Be7 9. O-O O-O 10. f4 Bg4 11. Nxc6 Bxd1 12. Nxd8 Bxc2 13. Nc6 Rfe8 14. e5
dxe5 15. Nxe7+ Rxe7 16. Bxf6 gxf6 17. Nd5 Re6 18. Nxc7 Rae8 19. Nxe8 Rxe8 20.
Rac1 Bd3 21. Rfd1 e4 22. Kf2 Rb8 23. Rd2 Rb7 24. a3 Kf8 25. b4 a5 26. Rb2 axb4
27. axb4 Ke7 28. Ke3 Ke6 29. Rc6+ Kf5 30. b5 Kg4 31. b6 f5 32. Rc7 Rb8 33. Rxf7
Ba6 34. Rxh7 Rd8 35. Rg7+ Kh4 36. g3+ Kh3 37. Rh7+ Kg4 38. Rh4# 1-0

[Event "130th YMCA Autumn B"]
[Site "Warszawa"]
[Date "2013.12.10"]
[Round "13"]
[White "Jachimiak, Wojciech"]
[Black "Szefer, Michal"]
[Result "1-0"]
[WhiteElo "1880"]
[BlackElo "1946"]
[PlyCount "69"]
[EventDate "2013.09.19"]
[EventType "tourn"]
[EventRounds "1"]
[EventCountry "POL"]
[SourceDate "2013.09.20"]

1. d4 g6 2. c4 c5 3. d5 b5 4. cxb5 Nf6 5. Nc3 a6 6. e4 d6 7. Nf3 Nbd7 8. Nd2
Bg7 9. h3 O-O 10. Be2 axb5 11. Nxb5 Ba6 12. O-O Qb6 13. a4 Ne5 14. b3 Bh6 15.
Nc4 Nxc4 16. Bxh6 Na5 17. Bxf8 Rxf8 18. Qc2 Nd7 19. Kh2 e5 20. dxe6 fxe6 21.
Rad1 Bxb5 22. Bxb5 Nf6 23. f4 d5 24. exd5 Nxd5 25. Qe4 Nc3 26. Qe5 Nxd1 27.
Rxd1 Rf5 28. Qe3 Rf7 29. b4 Nb7 30. Bc4 Re7 31. b5 Kf7 32. Qe5 Na5 33. Be2 c4
34. Qh8 h5 35. Rd8 1-0

[Event "130th YMCA Autumn B"]
[Site "Warszawa"]
[Date "2013.12.10"]
[Round "13"]
[White "Rzepecka, Dorota"]
[Black "Koziol, Pawel"]
[Result "1/2-1/2"]
[WhiteElo "1829"]
[BlackElo "1879"]
[Annotator "Admin"]
[PlyCount "34"]
[EventDate "2013.09.19"]
[EventType "tourn"]
[EventRounds "1"]
[EventCountry "POL"]
[SourceDate "2013.09.20"]

1. e4 d6 2. Nf3 Nf6 3. Nc3 e5 4. d4 Nbd7 5. Bc4 Be7 6. O-O O-O 7. Ng5 c6 8. Be3
exd4 9. Bxd4 Ne5 10. Bb3 h6 11. Nf3 Qc7 12. h3 b5 13. Nd2 b4 14. Ne2 c5 15.
Bxe5 dxe5 16. c3 Rd8 17. Qc2 Ba6 $11 1/2-1/2

[Event "130th YMCA Autumn B"]
[Site "Warszawa"]
[Date "2013.12.11"]
[Round "13"]
[White "Sawicki, Wojciech"]
[Black "Potocki, Karol"]
[Result "0-1"]
[WhiteElo "1845"]
[BlackElo "1876"]
[PlyCount "108"]
[EventDate "2013.09.19"]
[EventType "tourn"]
[EventRounds "1"]
[EventCountry "POL"]
[SourceDate "2013.09.20"]

1. e4 c6 2. d4 d5 3. Nc3 dxe4 4. Nxe4 Bf5 5. Ng3 Bg6 6. h4 h6 7. Nf3 Nd7 8. h5
Bh7 9. Bd3 Bxd3 10. Qxd3 e6 11. Bf4 Qa5+ 12. Bd2 Bb4 13. c3 Be7 14. Bf4 Ngf6
15. Ne5 O-O 16. Ne4 Rad8 17. Nxd7 Rxd7 18. Nxf6+ Bxf6 19. Qf3 Rxd4 20. Bxh6 Rd5
21. Bf4 Rfd8 22. O-O Rd3 23. Qe2 Qd5 24. Be3 a6 25. a3 e5 26. Qg4 e4 27. Rfe1
b5 28. Bf4 Be7 29. Bc7 Rd7 30. Bf4 Bc5 31. Qg5 Qxg5 32. Bxg5 f5 33. g4 Rg3+ 34.
Kf1 Rxg4 35. Be3 Bxe3 36. Rxe3 Rh4 37. Ke2 Rxh5 38. Rg1 g5 39. Reg3 g4 40. Ke3
Rd3+ 41. Ke2 Rxg3 42. Rxg3 Rh3 43. Rg1 Kf7 44. Rd1 Ke7 45. Rd4 Rd3 46. Rxd3
exd3+ 47. Kxd3 c5 48. Ke3 c4 49. a4 Ke6 50. Kf4 Kf6 51. a5 Ke6 52. Kg5 Ke5 53.
Kg6 f4 54. Kg5 g3 0-1

[Event "130th YMCA Autumn B"]
[Site "Warszawa"]
[Date "2013.11.22"]
[Round "13"]
[White "Barc, Michal"]
[Black "Safanowski, Tomasz"]
[Result "0-1"]
[WhiteElo "1841"]
[BlackElo "1906"]
[PlyCount "58"]
[EventDate "2013.09.19"]
[EventType "tourn"]
[EventRounds "1"]
[EventCountry "POL"]
[SourceDate "2013.09.20"]

1. d4 d5 2. Nf3 Nf6 3. c4 c6 4. e3 Bg4 5. Nc3 a6 6. h3 Bxf3 7. Qxf3 e6 8. Bd2
Bb4 9. Bd3 Nbd7 10. cxd5 cxd5 11. a3 Bd6 12. O-O Rc8 13. e4 dxe4 14. Nxe4 Bb8
15. Bb4 Rc6 16. Rac1 Nxe4 17. Rxc6 Ng5 18. Qe3 bxc6 19. f4 a5 20. Bc3 h6 21.
fxg5 hxg5 22. Qf3 Qc7 23. Qxf7+ Kd8 24. Qxg7 Qh2+ 25. Kf2 Rf8+ 26. Ke1 Qg3+ 27.
Kd2 Qxg2+ 28. Be2 Rxf1 29. Bxa5+ Bc7 0-1

[Event "130th YMCA Autumn B"]
[Site "Warszawa"]
[Date "2013.10.08"]
[Round "13"]
[White "Grabowicz, Marcin"]
[Black "Praczukowski, Stanislaw"]
[Result "0-1"]
[WhiteElo "1852"]
[BlackElo "1862"]
[Annotator "Admin"]
[PlyCount "116"]
[EventDate "2013.09.19"]
[EventType "tourn"]
[EventRounds "1"]
[EventCountry "POL"]
[SourceDate "2013.09.20"]

1. e4 e6 2. d4 d5 3. exd5 exd5 4. c4 Nf6 5. Bd3 dxc4 6. Bxc4 Bb4+ 7. Nc3 O-O 8.
Nge2 Nbd7 9. O-O Nb6 10. Bb3 Re8 11. Bg5 c6 12. Qd3 h6 13. Bxh6 gxh6 14. Qg6+
Kh8 15. Bxf7 Rf8 16. Qxh6+ Nh7 17. Bg6 Qe7 18. a3 Bxc3 19. Nxc3 Qg7 20. Qxh7+
Qxh7 21. Bxh7 Kxh7 22. Rfe1 Kg6 23. Re7 Rf7 24. Re8 Bd7 25. Rxa8 Nxa8 26. f3
Nb6 27. b4 Nc4 28. Kf2 Re7 29. g4 $11 Re3 30. Rc1 b5 31. a4 Rd3 32. axb5 cxb5
33. h4 Bc6 34. d5 Bxd5 35. Nxd5 Rxd5 36. Ra1 Rd7 37. Ra6+ Kg7 38. h5 Ne5 39. g5
Nd3+ 40. Kg3 Nxb4 41. Rg6+ Kh7 42. Rh6+ Kg8 43. Re6 Kf7 44. Rf6+ Kg8 45. Re6
Nd5 46. f4 b4 47. f5 b3 48. Re8+ Kf7 49. Rb8 Nb6 50. h6 b2 51. h7 b1=Q 52. g6+
Ke7 53. f6+ Ke6 54. Re8+ Kf5 55. h8=Q Qg1+ 56. Kf3 Rd3+ 57. Ke2 Qd1+ 58. Kf2
Rf3+ 0-1